[Event "Mecklenburg VP Verbandsliga 2223"]
[Site "Mecklenburg VP"]
[Date "2023.01.15"]
[Round "5.8"]
[White "Podolskiy, Alexander"]
[Black "Wurst, Oliver"]
[Result "1-0"]
[WhiteElo "1970"]
[BlackElo "1631"]
[PlyCount "27"]
[EventDate "2022.10.23"]
[EventType "team-tourn"]
[EventRounds "9"]
[EventCountry "GER"]
[SourceTitle "EXT 2024"]
[Source "ChessBase"]
[SourceDate "2023.10.10"]
[SourceVersion "1"]
[SourceVersionDate "2023.10.10"]
[SourceQuality "1"]
[WhiteTeam "Wismar ASV Gruen-Weiss"]
[BlackTeam "Rostock SSC 07"]
[WhiteTeamCountry "GER"]
[BlackTeamCountry "GER"]

1. e4 c5 2. Nf3 e6 3. d4 cxd4 4. Nxd4 Nf6 5. Nc3 d6 6. Be3 Be7 7. Be2 a6 8. Qd2 Qc7 9. f4 Nc6 10. 0-0-0 b5 11. Nxc6 Qxc6 12. e5 b4 13. Bf3 bxc3 14. Bxc6+ 1-0

[Event "Mecklenburg VP VL1819"]
[Site "Mecklenburg VP"]
[Date "2019.01.20"]
[Round "5.8"]
[White "Schumann, Lutz"]
[Black "Podolskiy, Alexander"]
[Result "1/2-1/2"]
[WhiteElo "1756"]
[BlackElo "1823"]
[PlyCount "20"]
[EventDate "2018.10.21"]
[EventType "team-tourn"]
[EventRounds "9"]
[EventCountry "GER"]
[SourceTitle "EXT 2022"]
[Source "ChessBase"]
[SourceDate "2021.10.06"]
[SourceVersion "1"]
[SourceVersionDate "2021.10.06"]
[SourceQuality "1"]
[WhiteTeam "Graal Mueritz"]
[BlackTeam "Wismar ASV Gruen-Weiss"]
[WhiteTeamCountry "GER"]
[BlackTeamCountry "GER"]

1. c4 e5 2. Nf3 Nc6 3. Nc3 Bc5 4. e3 d6 5. Be2 Nf6 6. 0-0 0-0 7. d4 Bb6 8. a3 a6 9. Qc2 Re8 10. d5 Ne7 1/2-1/2

[Event "Mecklenburg VP VL 1718"]
[Site "Mecklenburg VP"]
[Date "2018.01.21"]
[Round "5.7"]
[White "Hornecker, Siegfried"]
[Black "Podolskiy, Alexander"]
[Result "1/2-1/2"]
[WhiteElo "1872"]
[BlackElo "1847"]
[PlyCount "26"]
[EventDate "2017.10.08"]
[EventType "team-tourn"]
[EventRounds "9"]
[EventCountry "GER"]
[SourceTitle "EXT 2022"]
[Source "ChessBase"]
[SourceDate "2021.10.06"]
[SourceVersion "1"]
[SourceVersionDate "2021.10.06"]
[SourceQuality "1"]
[WhiteTeam "Guestrow/Teterow"]
[BlackTeam "Wismar ASV Gruen-Weiss"]
[WhiteTeamCountry "GER"]
[BlackTeamCountry "GE2"]

1. e4 e5 2. f4 d5 3. exd5 e4 4. d3 exd3 5. Qxd3 Nf6 6. Nc3 Bc5 7. Be3 Qe7 8. Kd2 0-0 9. Re1 Bxe3+ 10. Qxe3 Qd6 11. Bd3 Nxd5 12. Nxd5 Qxd5 13. Qe4 Qa5+ 1/2-1/2

[Event "Mecklenburg VP LL 1617"]
[Site "Mecklenburg VP"]
[Date "2016.12.04"]
[Round "4.5"]
[White "Hartung, Lothar"]
[Black "Podolskiy, Alexander"]
[Result "1-0"]
[WhiteElo "1799"]
[BlackElo "1871"]
[PlyCount "47"]
[EventDate "2016.10.16"]
[EventType "team-tourn"]
[EventRounds "9"]
[EventCountry "GER"]
[SourceTitle "EXT 2022"]
[Source "ChessBase"]
[SourceDate "2021.10.06"]
[SourceVersion "1"]
[SourceVersionDate "2021.10.06"]
[SourceQuality "1"]
[WhiteTeam "Neubrandenburg SG Eintracht"]
[BlackTeam "Wismar ASV Gruen-Weiss"]
[WhiteTeamCountry "GER"]
[BlackTeamCountry "GER"]

1. d4 d5 2. Bf4 Bf5 3. e3 e6 4. h4 Nf6 5. Be2 h6 6. Nd2 Be7 7. g4 Bg6 8. Bg3 Nbd7 9. Bf3 Bd6 10. Bxd6 cxd6 11. c3 Ne4 12. Ne2 Qb6 13. Bxe4 Bxe4 14. f3 Bh7 15. Nb3 0-0-0 16. a4 e5 17. a5 Qb5 18. Kf2 g5 19. a6 b6 20. Nd2 f5 21. c4 dxc4 22. Nxc4 Nf6 23. dxe5 dxe5 24. Nd6+ 1-0

[Event "Mecklenburg VP VL 1415"]
[Site "Mecklenburg VP"]
[Date "2014.11.09"]
[Round "2.7"]
[White "Podolskiy, Alexander"]
[Black "Giering, Nils"]
[Result "1-0"]
[WhiteElo "1828"]
[BlackElo "1635"]
[PlyCount "25"]
[EventDate "2014.09.21"]
[EventType "team-tourn"]
[EventRounds "9"]
[EventCountry "GER"]
[SourceTitle "EXT 2022"]
[Source "ChessBase"]
[SourceDate "2021.10.06"]
[SourceVersion "1"]
[SourceVersionDate "2021.10.06"]
[SourceQuality "1"]
[WhiteTeam "Wismar ASV Gruen-Weiss"]
[BlackTeam "Gryps SV"]
[WhiteTeamCountry "GER"]
[BlackTeamCountry "GER"]

1. e4 e5 2. Nf3 Nc6 3. Bc4 Bc5 4. d3 a6 5. Be3 Ba7 6. 0-0 d6 7. a3 b5 8. Bd5 Nge7 9. Ba2 Bg4 10. Bxf7+ Kxf7 11. Ng5+ Ke8 12. Qxg4 Ng6 13. Nxh7 1-0

[Event "Mecklenburg VP LL2 West 1314"]
[Site "Mecklenburg VP"]
[Date "2013.10.27"]
[Round "1.6"]
[White "Podolskiy, Alexander"]
[Black "Hung, Doan Manh"]
[Result "1-0"]
[WhiteElo "1846"]
[BlackElo "1135"]
[PlyCount "51"]
[EventDate "2013.10.27"]
[EventType "team-tourn"]
[EventRounds "9"]
[EventCountry "GER"]
[SourceTitle "EXT 2022"]
[Source "ChessBase"]
[SourceDate "2021.10.06"]
[SourceVersion "1"]
[SourceVersionDate "2021.10.06"]
[SourceQuality "1"]
[WhiteTeam "Wismar ASV Gruen-Weiss"]
[BlackTeam "Wismar ASV Gruen-Weiss II"]
[WhiteTeamCountry "GER"]
[BlackTeamCountry "GER"]

1. e4 e6 2. d4 d5 3. exd5 exd5 4. Bd3 Bd6 5. Ne2 Be6 6. 0-0 Nf6 7. Nf4 Bd7 8. Re1+ Kf8 9. Nc3 c6 10. Nce2 g5 11. Nh3 Bxh3 12. gxh3 Rg8 13. Ng3 h5 14. h4 Bf4 15. hxg5 Bxg5 16. Bxg5 Rxg5 17. Qd2 Ne4 18. Bxe4 dxe4 19. Rxe4 Qd5 20. Rae1 Nd7 21. c4 Qf5 22. h4 Rg4 23. Qh6+ Kg8 24. Re8+ Rxe8 25. Rxe8+ Nf8 26. Rxf8# 1-0

[Event "Mecklenburg VP VL 1213"]
[Site "Mecklenburg VP"]
[Date "2013.01.13"]
[Round "5.5"]
[White "Podolskiy, Alexander"]
[Black "Schmekel, Florian"]
[Result "0-1"]
[WhiteElo "1886"]
[BlackElo "1743"]
[PlyCount "44"]
[EventDate "2012.10.14"]
[EventType "team-tourn"]
[EventRounds "9"]
[EventCountry "GER"]
[SourceTitle "EXT 2022"]
[Source "ChessBase"]
[SourceDate "2021.10.06"]
[SourceVersion "1"]
[SourceVersionDate "2021.10.06"]
[SourceQuality "1"]
[WhiteTeam "Wismar ASV Gruen-Weiss"]
[BlackTeam "Torgelow Droegeheide"]
[WhiteTeamCountry "GER"]
[BlackTeamCountry "GER"]

1. e4 c5 2. Nf3 Nc6 3. d4 cxd4 4. Nxd4 g6 5. Nc3 Bg7 6. Be3 Nf6 7. f3 0-0 8. Qd2 d5 9. 0-0-0 dxe4 10. Nxc6 Qxd2+ 11. Rxd2 bxc6 12. Bc4 exf3 13. gxf3 Bf5 14. Kb1 e6 15. Na4 Nd5 16. Bc5 Rfe8 17. Ba6 Nb6 18. Nc3 Rab8 19. Nd1 Rbd8 20. Rxd8 Rxd8 21. Bb7 Nc4 22. f4 Rd2 0-1

[Event "Mecklenburg VP VL 1112"]
[Site "Mecklenburg VP"]
[Date "2012.04.15"]
[Round "9.8"]
[White "Vladov, Mark"]
[Black "Podolskiy, Alexander"]
[Result "0-1"]
[WhiteElo "1704"]
[BlackElo "1856"]
[PlyCount "48"]
[EventDate "2011.10.02"]
[EventType "team-tourn"]
[EventRounds "9"]
[EventCountry "GER"]
[SourceTitle "EXT 2022"]
[Source "ChessBase"]
[SourceDate "2021.10.06"]
[SourceVersion "1"]
[SourceVersionDate "2021.10.06"]
[SourceQuality "1"]
[WhiteTeam "Warnemuende SF Ostsee"]
[BlackTeam "Wismar ASV Gruen-Weiss"]
[WhiteTeamCountry "GER"]
[BlackTeamCountry "GER"]

1. Nf3 d5 2. c4 e6 3. d4 Nf6 4. Nc3 b6 5. g3 Bb7 6. cxd5 Nxd5 7. Bg2 Bd6 8. 0-0 Nxc3 9. bxc3 Nd7 10. Re1 Be4 11. e3 0-0 12. Bf1 c5 13. Nd2 Bb7 14. Ba3 Be7 15. e4 cxd4 16. Bxe7 Qxe7 17. cxd4 e5 18. dxe5 Nxe5 19. Qb3 Qf6 20. f4 Ng4 21. e5 Qd8 22. Qb2 b5 23. Nb3 Qb6+ 24. Qd4 Qc6 0-1

[Event "Mecklenburg VP LL 0910"]
[Site "Mecklenburg VP"]
[Date "2009.11.29"]
[Round "3.7"]
[White "Podolskiy, Alexander"]
[Black "Fechner, Frank"]
[Result "1/2-1/2"]
[WhiteElo "1867"]
[BlackElo "1797"]
[PlyCount "42"]
[EventDate "2009.10.18"]
[EventType "team-tourn"]
[EventRounds "9"]
[EventCountry "GER"]
[SourceTitle "EXT 2016"]
[Source "ChessBase"]
[SourceDate "2015.10.08"]
[SourceVersion "1"]
[SourceVersionDate "2015.10.08"]
[SourceQuality "1"]
[WhiteTeam "Wismar ASV Gruen-Weiss"]
[BlackTeam "Ludwigslust Post SV"]
[WhiteTeamCountry "GER"]
[BlackTeamCountry "GER"]

1. e4 e5 2. Nf3 Nc6 3. Nc3 Nf6 4. Bc4 Be7 5. d3 h6 6. Be3 d6 7. a3 Be6 8. Nd5 Qd7 9. Nxf6+ Bxf6 10. Bxe6 Qxe6 11. c4 a5 12. Qb3 b6 13. Qb5 Qd7 14. 0-0 a4 15. b4 axb3 16. Qxb3 0-0 17. Rfd1 Rfe8 18. Ne1 Ra5 19. Nc2 Rea8 20. Bd2 R5a6 21. Qb5 Nb8 1/2-1/2

[Event "Mecklenburg VP LL 0910"]
[Site "Mecklenburg VP"]
[Date "2009.11.15"]
[Round "2.7"]
[White "Danilov, Vladimir1111"]
[Black "Podolskiy, Alexander"]
[Result "0-1"]
[WhiteElo "1868"]
[BlackElo "1867"]
[PlyCount "80"]
[EventDate "2009.10.18"]
[EventType "team-tourn"]
[EventRounds "9"]
[EventCountry "GER"]
[SourceTitle "EXT 2016"]
[Source "ChessBase"]
[SourceDate "2015.10.08"]
[SourceVersion "1"]
[SourceVersionDate "2015.10.08"]
[SourceQuality "1"]
[WhiteTeam "Greifswald II"]
[BlackTeam "Wismar ASV Gruen-Weiss"]
[WhiteTeamCountry "GER"]
[BlackTeamCountry "GER"]

1. e4 e5 2. Nf3 d6 3. d4 exd4 4. Nxd4 Nf6 5. Nc3 Be7 6. Be2 0-0 7. 0-0 Nbd7 8. f4 Nc5 9. Bf3 c6 10. Be3 Qc7 11. h3 Re8 12. Bf2 Be6 13. Qd2 Bc4 14. Rfe1 a5 15. Rad1 Rad8 16. Kh1 d5 17. e5 Nfe4 18. Qe3 Nxf2+ 19. Qxf2 Nd7 20. a3 Bc5 21. Qg3 Bxd4 22. Rxd4 Qb6 23. Rd2 Qxb2 24. Nb1 Ba2 25. c3 Qb3 26. Qf2 Bxb1 27. Rb2 Qxa3 28. Rexb1 b6 29. c4 dxc4 30. Bxc6 Re7 31. Bxd7 Rexd7 32. Rxb6 c3 33. Kh2 Rd2 34. Qf3 Qa2 35. Rb8 c2 36. Qa8 Qd5 37. Qxd5 R2xd5 38. Rxd8+ Rxd8 39. Rc1 Rc8 40. Kg3 a4 0-1